10 Famous People from Tunisia - Statistics

General Stats
  • This quiz has been taken 48 times
  • The average score is 4 of 10
Answer Stats
Hint Answer % Correct
Carthaginian general who famously led an army of war elephants across the Alps Hannibal
98%
Highest-ranked African and Arab tennis player in WTA and ATP rankings history Ons Jabeur
73%
2nd president of Tunisia from 1987 to 2011 Zine El Abidine Ben Ali
68%
President of Tunisia from 1957 to 1987 who led the country to independence Habib Bourguiba
65%
Footballer who played as a right-back for Ajax and Manchester City Hatem Trabelsi
43%
Basketball player who was member of Dallas Mavericks for four seasons Salah Mejri
40%
Carthaginian general who commanded forces in Sicily during the First Punic War Hamilcar Barca
23%
Tunisian-born Italian actress who starred in European films in the 1960s and 1970s Claudia Cardinale
18%
Tunisian-French model, singer, and actress, who is signed with IMG Models Sonia Ben Ammar
3%
Prolific early Christian author from Carthage in the Roman province of Africa Tertullian
3%
No matching quizzes found
Score Distribution
Percent of People with Each Score
Percentile by Number Answered
Your Score History
You have not taken this quiz